000 02719nam a2200349 i 4500
003 DO-SdBNP
005 20250715125412.0
007 ta
008 250711b2025 dr abcd| |||| 00| 0 spa d
020 _a9789945293579
040 _aDO-SdBNP
_bspa
_cBNPHU
_erda
041 _aspa
082 4 _axxx
_bM433
_222
100 1 _aHernández, Domingo Matías,
_eautor
_4aut.
_982930
245 1 0 _aBalance al sistema municipal dominicano :
_b2020-2024 /
_cDomingo Matías Hernández ; colaboradores, Pedro Hernández, Horacio Medrano, Franklin Santos, Ileana Polanco, Esthefani Sirett, Manuel Parras.
264 1 _aSanto Domingo, República Dominicana :
_bForo Municipalistas,
_bFundación Solidaridad,
_bCEPAE,
_bEditora Búho,
_c[2025].
300 _a50 páginas :
_bilustraciones, mapas, gráficas, retratos ;
_c22 cm.
336 _atexto
_btxt
_2rdacontent
337 _asin mediación
_bn
_2rdamedia
338 _avolumen
_bnc
_2rdacarrier
520 _a Balance Municipal 2020-2024, es una publicación de Domingo Matías, un experimentado municipalista y sociólogo con más de una década analizando la gestión de los gobiernos locales en la República Dominicana desde 2010. Este balance sumario del periodo 2020-2024 ofrece una rica perspectiva analítica y datos relevantes sobre temas trascendentales como los procesos electorales municipales (2020 y 2024), el impacto del COVID-19 en los municipios, las reformas legales, el desempeño de los gobiernos locales, la territorialización de políticas públicas y la participación de la sociedad civil. Con una trayectoria como activista en defensa de los derechos comunitarios y promotor de la descentralización, Domingo Matías aporta un conocimiento profundo del sistema municipal dominicano. Su análisis se centra en las estrategias desarrolladas y el funcionamiento global de las entidades rectoras, ofreciendo valiosas reflexiones para autoridades, técnicos municipales, políticos y activistas sociales interesados en el fortalecimiento institucional y el desarrollo local. Esta publicación se erige como un recurso inestimable para comprender los avances, estancamientos y retrocesos de la municipalidad dominicana en un periodo crucial.
590 _aInventariado, 2025/ YL
700 1 _aHernández, Pedro
_ecolaborador
_4col.
_92670
700 1 _aMedrano, Horacio
_ecolaborador
_4col.
_988321
700 1 _aSantos, Franklin
_ecolaborador
_4col.
_988322
700 1 _aPolanco, Ileana
_ecolaborador
_4col.
_988323
700 1 _aSirett, Esthefani
_ecolaborador
_4col.
_988324
700 1 _aParras, Manuel
_ecolaborador
_4col.
_975380
710 1 _aCentro de Planificación y Acciòn Ecuménica (CEPAE)
_985101
910 _aYLockward
942 _2ddc
_cLBS1
999 _c59500
_d59500